|
|
|
|
| LEADER |
01289nam a2200337 a 4500 |
| 001 |
37951 |
| 003 |
BD-DhAAL |
| 005 |
20220303105147.0 |
| 008 |
220303t2006 bg b 001 0 eng d |
| 999 |
|
|
|c 43646
|d 43646
|
| 010 |
|
|
|a 2006454075
|
| 020 |
|
|
|a 9840517740
|
| 025 |
|
|
|a B-E-2006-454075; 22
|
| 037 |
|
|
|b Library of Congress -- New Delhi Overseas Office
|c Tk435.00
|
| 040 |
|
|
|a DLC
|c DLC
|d DLC
|d BD-DhAAL
|
| 042 |
|
|
|a lcode
|
| 043 |
|
|
|a a-bg---
|
| 050 |
0 |
0 |
|a HJ1340.6
|b .A56 2006
|
| 082 |
|
|
|a 336.095492
|2 23
|
| 100 |
1 |
|
|a Ahmed, Nizam.
|9 46354
|
| 245 |
1 |
0 |
|a Limits of parliamentary control :
|b public spending in Bangladesh /
|c Nizam Ahmed.
|
| 250 |
|
|
|a First UPL edition
|
| 260 |
|
|
|a Dhaka :
|b University Press,
|c c2006.
|
| 300 |
|
|
|a xv, 188 pages ;
|c 22 cm.
|
| 504 |
|
|
|a Includes bibliographical references (pages [179]-184) and index.
|
| 541 |
|
|
|a Donated book by Akbar Ali Khan
|e 37951
|
| 650 |
|
0 |
|a Finance, Public
|z Bangladesh.
|9 46355
|
| 651 |
|
0 |
|a Bangladesh
|x Appropriations and expenditures.
|9 46356
|
| 852 |
|
|
|a Ayesha Abed Library
|c Akbar Ali Khan Collection
|
| 942 |
|
|
|2 ddc
|c BK
|
| 952 |
|
|
|0 0
|1 0
|2 ddc
|4 0
|6 336_095492000000000_AHM
|7 1
|9 69975
|a BRACUL
|b BRACUL
|c AAKC
|d 2022-03-03
|e Donated book by Akbar Ali Khan
|l 0
|o 336.095492 AHM
|p 3010037951
|r 2022-03-03
|t 1
|w 2022-03-03
|y BK
|